Sanat: "Syntisten pöytä" - Erika Vikman - Statistics

Yleistilastot
  • Tätä visaa on pelattu 214 kertaa
  • Keskiarvotulos 167 / 238
Vastaustilastot
Vastaus % Oikein
on
96%
pöytä
96%
syntisten
96%
ja
95%
jo
94%
pöytään
94%
me
91%
et
90%
karanneita
89%
katettu
89%
langenneita
89%
eronneita
87%
löytää
84%
84%
84%
hauskempaa
83%
petettyjä
83%
jotka
82%
meil
82%
salanneita
82%
lupaan
79%
kun
78%
jätettyjä
78%
Kun
78%
kun
78%
en
77%
ratkenneita
77%
sisimpänsä
77%
että
75%
se
73%
tule
73%
luoksemme
69%
Tääl
69%
kirottuja
68%
pudonneita
67%
enää
66%
kivipohjaan
66%
ei
64%
esittää
64%
jaksa
64%
Jos
64%
mitään
63%
pysty
63%
tänne
63%
tuhlareita
63%
juhlineita
61%
perintönsä
61%
pitää
61%
täällä
61%
tuomittuja
61%
kiusattuja
59%
Kiusattuja
59%
supussa
57%
suuta
57%
murrettu
52%
sun
52%
ennenkin
51%
paettu
51%
sen
51%
tarvi
51%
leipä
50%
seurakunta
50%
jää
48%
paikka
48%
Meit
47%
sekava
47%
hedelmää
46%
ketään
46%
kiellettyä
46%
kiven
46%
silmät
46%
sitä
46%
sulle
46%
tulla
46%
ensimmäisen
45%
hämärään
45%
käännyttäis
45%
niin
45%
oot
45%
pois
45%
Tarjolla
45%
tottuu
45%
varattu
45%
tapahtuu
44%
mikä
43%
mun
43%
maailmanloppuu
42%
nopeasti
42%
ois
42%
pelkää
42%
taakkaa
42%
täydellisyyden
40%
vielä
40%
kai
39%
saan
38%
sellaisena
38%
tai
38%
viereen
38%
etkä
37%
sääliä
37%
saarnaa
37%
joku
36%
portiltas
35%
tavataan
35%
kunnollinen
34%
synnitön
33%
valtasi
33%
vastauksen
33%
heittäköön
32%
kerran
32%
katseita
30%
teistä
30%
kaipaa
25%
päällemme
24%
Ehtoja vastaavia visoja ei löytynyt
Tulosjakauma
Jokaisen tuloksen saaneiden osuus
Persentiili vastausten määrän mukaan
Tuloshistoriasi
Et ole pelannut tätä visaa